000 00548cam a2200193 4500
001 D7711
008 090401t1977 xxu||||| |||| 00| 0 eng d
035 _a(Sirsi) u8944
041 _aeng
050 _a306.72
100 _aPage, Dilys
245 _aNew housing for the elderly: a study of housing schemes for the elderly provided by the Hanover Housing Association
260 _aLondon
_bBedford Square Press for the NAtional Co
_c1977
300 _a67p. 22cm
350 _a0.75
700 _aMuir, Tom
942 _n0
948 _c04/03/1997
999 _c86580
_d86580